| 000 | 01637cam a22003977a 4500 | ||
|---|---|---|---|
| 001 | 14109484 | ||
| 003 | USPCAS-E | ||
| 005 | 20180118181417.0 | ||
| 008 | 050915s2005 njua b 001 0 eng d | ||
| 010 | _a 2005299697 | ||
| 015 |
_aGBA506703 _2bnb |
||
| 016 | 7 |
_a013092487 _2Uk |
|
| 020 | _a0471679097 (cased) | ||
| 035 | _a(OCoLC)ocm57527543 | ||
| 040 |
_aUKM _cUKM _dC#P _dOCL _dDLC |
||
| 042 |
_aukblsr _alccopycat |
||
| 050 | 0 | 0 |
_aTK3255 _b.A74 2005 |
| 082 | 0 | 4 |
_a621.31934 _222 _bAND-R 2005 |
| 100 | 1 | _aAnders, George J. | |
| 245 | 1 | 0 |
_aRating of electric power cables in unfavorable thermal environment / _cGeorge J. Anders. |
| 260 |
_aHoboken, N.J. : _bWiley, _cc2005. |
||
| 300 |
_axiv, 326 p. : _bill. ; _c25 cm. |
||
| 440 | 0 | _aIEEE Press series on power engineering | |
| 502 | _a. | ||
| 504 | _aIncludes bibliographical references and index. | ||
| 650 | 0 |
_aElectric cables _xThermal properties. |
|
| 650 | 0 | _aPowerline ampacity. | |
| 710 | 2 | _aInstitute of Electrical and Electronics Engineers. | |
| 856 | 4 | 2 |
_3Contributor biographical information _uhttp://www.loc.gov/catdir/enhancements/fy0627/2005299697-b.html |
| 856 | 4 | 2 |
_3Publisher description _uhttp://www.loc.gov/catdir/enhancements/fy0627/2005299697-d.html |
| 856 | 4 | 1 |
_3Table of contents only _uhttp://www.loc.gov/catdir/enhancements/fy0627/2005299697-t.html |
| 856 | 4 | 2 |
_3Book review (E-STREAMS) _uhttp://www.e-streams.com/es0905/es0905_4404.html |
| 906 |
_a7 _bcbc _ccopycat _d2 _encip _f20 _gy-gencatlg |
||
| 942 |
_2ddc _cBK |
||
| 999 |
_c355893 _d355893 |
||